| 000 | 00801nam a22001937a 4500 | ||
|---|---|---|---|
| 999 |
_c371912 _d371912 |
||
| 008 | 201127b ||||| |||| 00| 0 eng d | ||
| 040 |
_aDE-2950 _bger _cDE-2950 _erda |
||
| 041 | _ager | ||
| 245 |
_aBäckerei Baumgärtel wehrt sich gegen Kostenexplosion _bFinanzen. Der Verbrauch in Bäckereien ist hoch. Die Energie- und Rohstoffpreise steigen unaufhaltsam. Diana und Class Baumgärtel kämpfen ums Überleben/ _cInes Weber-Rath |
||
| 264 | _c2022 | ||
| 653 | _aFrankfurt (Oder) | ||
| 653 | _aBäckerei Baumgärtel | ||
| 653 | _aEnergiekrise | ||
| 773 |
_dFrankfurt (Oder) Märkisches Verlags- und Druckhaus GmbH & Co KG _tMärkische Oderzeitung _g33. Jahrgang (2022) Nr. 243 vom 18.10.2022, S. 16; Foto |
||
| 942 | _cA | ||